| 000 | 01376nam a2200361Ii 4500 | ||
|---|---|---|---|
| 001 | DIGLINK00705 | ||
| 003 | NyNyDIG | ||
| 006 | m o d | ||
| 007 | cr ||||||||||| | ||
| 008 | 140201s2011 sp o 000 0 spa d | ||
| 020 |
_a9788498169706 _q(eBook) |
||
| 020 | _z9788498166712 | ||
| 040 |
_aDGITA _beng _epn _cDGITA |
||
| 043 | _as-pe--- | ||
| 050 | 1 | 4 | _aF3408 eBook |
| 100 | 1 |
_aMariátegui, José Carlos, _d1894-1930. |
|
| 245 | 1 | 0 |
_aSiete ensayos de interpretación de la realidad peruana / _cJosé Carlos Mariátegui. |
| 264 | 1 |
_aBarcelona : _bwww.Linkgua.com, _c2011. |
|
| 300 | _a1 online resource (292 pages) | ||
| 336 |
_atext _btxt _2rdacontent |
||
| 337 |
_acomputer _bc _2rdamedia |
||
| 338 |
_aonline resource _bcr _2rdacarrier |
||
| 490 | 1 | _aDiferencias. | |
| 505 | 0 | _aEsquema de la evolución económica.--El problema del indio.--El problema de la tierra.--El proceso de la instrucción pública.--El factor religioso.--Regionalismo y centralismo.--El proceso de la literatura. | |
| 651 | 0 |
_aPeru _xCivilization. |
|
| 655 | 0 | _aElectronic books. | |
| 791 | 2 |
_aDigitalia (Firm), _edistributor. |
|
| 830 | 0 | _aDiferencias (Linkgua Ediciones) | |
| 793 | 0 |
_gDigitalia eBook Collection: _aLinkgua. |
|
| 856 | 4 | 0 |
_3Digitalia Hispánica _uhttps://www.digitaliapublishing.com/a/13471/ |
| 910 | _aPremium Collection: 2007-2012 | ||
| 942 | _cRAA | ||
| 999 |
_c233201 _d233201 |
||